| 000 | 00651nam a2200205 a 4500 | ||
|---|---|---|---|
| 999 |
_c1482 _d1482 |
||
| 001 | 1482 | ||
| 003 | BD-JhCC | ||
| 005 | 20171019202842.0 | ||
| 008 | 171019s1983 bg |||| |||| 000 0 ben d | ||
| 035 | _a(BD-JhCC)1482 | ||
| 040 |
_aBD-JhCC _dBD-JhCC |
||
| 041 | _aben | ||
| 082 |
_a891.443 _bOSM 1983 |
||
| 100 | _aওসমান, শওকত | ||
| 245 |
_aপতঙ্গ পিঞ্জর / _cশওকত ওসমান |
||
| 260 |
_aঢাকা: _bইউনিভার্সিটি প্রেস লিমিটেড; _c১৯৮৩ |
||
| 300 |
_a১২৫ পৃ.: _c২২ সে.মি. |
||
| 650 | _aBengali Novel | ||
| 942 |
_2ddc _cBK |
||